[Event "European Online Club-ch-A 2021"]
[Site "Online"]
[Date "2021.03.27"]
[Round "8.15"]
[White "Marin, Mihail"]
[Black "Vovk, Orest"]
[Result "1-0"]
[WhiteElo "2502"]
[BlackElo "2315"]
[Annotator "ChessBase"]
[PlyCount "81"]
[EventDate "2021.03.27"]
[EventType "team-tourn"]
[EventCountry "NET"]
[SourceTitle "playchess.com"]
[Source "ChessBase"]
[SourceQuality "1"]
[TimeControl "900+5"]

1. d4 {[%emt 0:00:00]} h6 {[%emt 0:00:09]} 2. e4 {[%emt 0:00:09]} g5 {[%emt 0:00:05]} 3. Bd3 {[%emt 0:00:02]} Bg7 {[%emt 0:00:02]} 4. c3 {[%emt 0:00:02]} d6 {[%emt 0:00:02]} 5. Ne2 {[%emt 0:00:03]} c6 {[%emt 0:00:05]} 6. Ng3 {[%emt 0:00:13]} Nf6 {[%emt 0:00:04]} 7. h4 {[%emt 0:00:09]} g4 {[%emt 0:00:48]} 8. h5 {[%emt 0:00:05]} e5 {[%emt 0:00:21]} 9. Na3 {[%emt 0:00:09]} b5 {[%emt 0:00:40]} 10. Nc2 {[%emt 0:00:05]} Bb7 {[%emt 0:00:23]} 11. Ne3 {[%emt 0:00:07]} Nbd7 {[%emt 0:01:06]} 12. Nxg4 {[%emt 0:00:51]} Nxg4 {[%emt 0:00:03]} 13. Qxg4 {[%emt 0:00:03]} Qf6 {[%emt 0:00:50]} 14. Nf5 {[%emt 0:00:23]} Bf8 {[%emt 0:00:05]} 15. O-O {[%emt 0:00:19]} O-O-O {[%emt 0:00:15]} 16. a4 {[%emt 0:00:06]} b4 {[%emt 0:00:08]} 17. a5 {[%emt 0:00:07]} a6 {[%emt 0:00:34]} 18. Qe2 {[%emt 0:00:34]} Nb8 {[%emt 0:01:37]} 19. Be3 {[%emt 0:00:04]} Rg8 {[%emt 0:00:42]} 20. cxb4 {[%emt 0:00:24]} d5 {[%emt 0:00:35]} 21. exd5 {[%emt 0:00:36]} Rxd5 {[%emt 0:00:19]} 22. dxe5 {[%emt 0:07:16]} Rxe5 {[%emt 0:01:33]} 23. Ng3 {[%emt 0:00:03]} Bxb4 {[%emt 0:05:35]} 24. Bd4 {[%emt 0:00:33]} Rxe2 {[%emt 0:00:46]} 25. Bxf6 {[%emt 0:00:03]} Rd2 {[%emt 0:00:02]} 26. Bf5+ {[%emt 0:00:13]} Nd7 {[%emt 0:00:01]} 27. Rad1 {[%emt 0:00:13]} Kc7 {[%emt 0:00:17]} 28. Rxd2 {[%emt 0:00:09]} Nxf6 {[%emt 0:00:03]} 29. Re2 {[%emt 0:00:14]} c5 {[%emt 0:00:04]} 30. Re7+ {[%emt 0:00:06]} Kb8 {[%emt 0:00:02]} 31. Rxf7 {[%emt 0:00:06]} Ne8 {[%emt 0:00:09]} 32. Rd1 {[%emt 0:00:16]} Nc7 {[%emt 0:00:06]} 33. Be4 {[%emt 0:00:32]} Bc8 {[%emt 0:00:05]} 34. Nf5 {[%emt 0:00:21]} Be6 {[%emt 0:00:03]} 35. Rf6 {[%emt 0:00:14]} c4 {[%emt 0:00:09]} 36. Nd4 {[%emt 0:00:09]} Bd7 {[%emt 0:00:05]} 37. Rf7 {[%emt 0:00:07]} Ba4 {[%emt 0:00:04]} 38. Rc1 {[%emt 0:00:23]} Rg4 {[%emt 0:00:06]} 39. Rxc4 {[%emt 0:00:28]} Rxe4 {[%emt 0:00:04]} 40. Rxb4+ {[%emt 0:00:05]} Kc8 {[%emt 0:00:06]} 41. Rxa4 {[%emt 0:00:10]} 1-0

[Event "European Online Club-ch-A 2021"]
[Site "Online"]
[Date "2021.03.27"]
[Round "8.16"]
[White "Hulka, Valentyn"]
[Black "Costachi, Mihnea"]
[Result "1/2-1/2"]
[WhiteElo "2089"]
[BlackElo "2471"]
[Annotator "ChessBase"]
[PlyCount "52"]
[EventDate "2021.03.27"]
[EventType "team-tourn"]
[EventCountry "NET"]
[SourceTitle "playchess.com"]
[Source "ChessBase"]
[SourceQuality "1"]
[TimeControl "900+5"]

1. e4 {[%emt 0:00:00]} e5 {[%emt 0:00:03]} 2. Nf3 {[%emt 0:00:02]} Nc6 {[%emt 0:00:02]} 3. Bb5 {[%emt 0:00:02]} a6 {[%emt 0:00:01]} 4. Ba4 {[%emt 0:00:01]} d6 {[%emt 0:00:01]} 5. O-O {[%emt 0:00:08]} Bd7 {[%emt 0:00:03]} 6. c4 {[%emt 0:00:19]} g6 {[%emt 0:00:07]} 7. d4 {[%emt 0:00:31]} Bg7 {[%emt 0:00:04]} 8. Bg5 {[%emt 0:00:37]} f6 {[%emt 0:00:12]} 9. Be3 {[%emt 0:00:04]} Nh6 {[%emt 0:00:02]} 10. h3 {[%emt 0:00:06]} O-O {[%emt 0:00:05]} 11. Qd2 {[%emt 0:00:08]} Nf7 {[%emt 0:00:04]} 12. Nc3 {[%emt 0:00:03]} Nxd4 {[%emt 0:01:09]} 13. Nxd4 {[%emt 0:00:33]} exd4 {[%emt 0:00:01]} 14. Bxd4 {[%emt 0:00:04]} Bxa4 {[%emt 0:00:02]} 15. Nxa4 {[%emt 0:00:02]} Ne5 {[%emt 0:00:26]} 16. Bxe5 {[%emt 0:01:31]} fxe5 {[%emt 0:00:23]} 17. c5 {[%emt 0:00:54]} dxc5 {[%emt 0:00:23]} 18. Qxd8 {[%emt 0:00:10]} Rfxd8 {[%emt 0:02:35]} 19. Nxc5 {[%emt 0:00:04]} Bf8 {[%emt 0:00:32]} 20. Ne6 {[%emt 0:00:34]} Rdc8 {[%emt 0:00:45]} 21. Rfd1 {[%emt 0:01:27]} Bd6 {[%emt 0:00:05]} 22. Rac1 {[%emt 0:00:02]} h6 {[%emt 0:00:49]} 23. Nc5 {[%emt 0:00:49]} Rcb8 {[%emt 0:00:34]} 24. Ne6 {[%emt 0:01:10]} Rc8 {[%emt 0:00:16]} 25. Nc5 {[%emt 0:00:19]} Rcb8 {[%emt 0:01:21]} 26. Ne6 {[%emt 0:01:36]} Rc8 {[%emt 0:00:09]} 1/2-1/2

[Event "European Online Club-ch-A 2021"]
[Site "Online"]
[Date "2021.03.27"]
[Round "8.17"]
[White "Hera, Imre Jr."]
[Black "Jakubowski, Krzysztof"]
[Result "1-0"]
[WhiteElo "2610"]
[BlackElo "2497"]
[Annotator "ChessBase"]
[PlyCount "35"]
[EventDate "2021.03.27"]
[EventType "team-tourn"]
[EventCountry "NET"]
[SourceTitle "playchess.com"]
[Source "ChessBase"]
[SourceQuality "1"]
[TimeControl "900+5"]

1. Nf3 {[%emt 0:00:00]} d5 {[%emt 0:00:04]} 2. g3 {[%emt 0:00:03]} Nf6 {[%emt 0:00:02]} 3. Bg2 {[%emt 0:00:02]} Bf5 {[%emt 0:00:03]} 4. O-O {[%emt 0:00:06]} e6 {[%emt 0:00:03]} 5. d3 {[%emt 0:00:02]} h6 {[%emt 0:00:03]} 6. Nfd2 {[%emt 0:00:02]} Bh7 {[%emt 0:00:14]} 7. e4 {[%emt 0:00:05]} Be7 {[%emt 0:00:11]} 8. Nc3 {[%emt 0:00:03]} c5 {[%emt 0:00:42]} 9. exd5 {[%emt 0:01:55]} exd5 {[%emt 0:00:06]} 10. Qf3 {[%emt 0:00:01]} d4 {[%emt 0:00:06]} 11. Qxb7 {[%emt 0:00:36]} dxc3 {[%emt 0:00:06]} 12. bxc3 {[%emt 0:00:13]} O-O {[%emt 0:00:12]} 13. Qxa8 {[%emt 0:00:03]} Qa5 {[%emt 0:00:06]} 14. Qb7 {[%emt 0:01:08]} Qxc3 {[%emt 0:00:50]} 15. Rb1 {[%emt 0:01:29]} Nbd7 {[%emt 0:00:09]} 16. Qb3 {[%emt 0:00:14]} Qa5 {[%emt 0:00:12]} 17. Nc4 {[%emt 0:00:02]} Qa6 {[%emt 0:00:11]} 18. Re1 {[%emt 0:00:15]} 1-0

[Event "European Online Club-ch-A 2021"]
[Site "Online"]
[Date "2021.03.27"]
[Round "8.18"]
[White "Schmidek, Emil"]
[Black "Nemeth, Miklos"]
[Result "1/2-1/2"]
[WhiteElo "2402"]
[BlackElo "2488"]
[Annotator "ChessBase"]
[PlyCount "121"]
[EventDate "2021.03.27"]
[EventType "team-tourn"]
[EventCountry "NET"]
[SourceTitle "playchess.com"]
[Source "ChessBase"]
[SourceQuality "1"]
[TimeControl "900+5"]

1. d4 {[%emt 0:00:00]} Nf6 {[%emt 0:00:05]} 2. c4 {[%emt 0:00:03]} e6 {[%emt 0:00:02]} 3. Nc3 {[%emt 0:00:00]} Bb4 {[%emt 0:00:02]} 4. e3 {[%emt 0:00:01]} O-O {[%emt 0:00:03]} 5. Nge2 {[%emt 0:00:02]} c6 {[%emt 0:00:11]} 6. a3 {[%emt 0:00:02]} Ba5 {[%emt 0:00:12]} 7. c5 {[%emt 0:00:01]} d5 {[%emt 0:00:10]} 8. cxd6 {[%emt 0:00:03]} Qxd6 {[%emt 0:00:10]} 9. b4 {[%emt 0:00:01]} Bc7 {[%emt 0:00:06]} 10. g3 {[%emt 0:00:01]} e5 {[%emt 0:00:14]} 11. Bg2 {[%emt 0:00:08]} a5 {[%emt 0:00:51]} 12. b5 {[%emt 0:00:44]} exd4 {[%emt 0:00:26]} 13. Nxd4 {[%emt 0:01:00]} Rd8 {[%emt 0:01:07]} 14. bxc6 {[%emt 0:01:15]} bxc6 {[%emt 0:00:03]} 15. Ncb5 {[%emt 0:03:14]} Qe7 {[%emt 0:00:38]} 16. Nxc7 {[%emt 0:00:12]} Qxc7 {[%emt 0:00:03]} 17. O-O {[%emt 0:00:19]} Ra6 {[%emt 0:02:31]} 18. Qc2 {[%emt 0:00:25]} c5 {[%emt 0:00:19]} 19. Nb5 {[%emt 0:01:50]} Qe7 {[%emt 0:00:03]} 20. Bb2 {[%emt 0:00:22]} Rb6 {[%emt 0:00:09]} 21. a4 {[%emt 0:00:44]} Na6 {[%emt 0:00:12]} 22. Rac1 {[%emt 0:01:13]} Bd7 {[%emt 0:02:53]} 23. Rfd1 {[%emt 0:02:54]} Bxb5 {[%emt 0:00:05]} 24. Rxd8+ {[%emt 0:00:11]} Qxd8 {[%emt 0:00:04]} 25. axb5 {[%emt 0:00:02]} Rxb5 {[%emt 0:00:43]} 26. Bf1 {[%emt 0:00:11]} Rb6 {[%emt 0:00:34]} 27. Bxa6 {[%emt 0:01:58]} Rxa6 {[%emt 0:00:03]} 28. Qxc5 {[%emt 0:00:01]} h6 {[%emt 0:00:45]} 29. Bd4 {[%emt 0:00:17]} a4 {[%emt 0:00:51]} 30. Qf5 {[%emt 0:00:06]} Ra8 {[%emt 0:00:19]} 31. Bxf6 {[%emt 0:00:07]} Qxf6 {[%emt 0:00:09]} 32. Rc8+ {[%emt 0:00:02]} Rxc8 {[%emt 0:00:04]} 33. Qxc8+ {[%emt 0:00:01]} Kh7 {[%emt 0:00:03]} 34. Qc2+ {[%emt 0:00:01]} g6 {[%emt 0:00:05]} 35. Qxa4 {[%emt 0:00:02]} h5 {[%emt 0:00:11]} 36. Qd4 {[%emt 0:00:03]} Qf5 {[%emt 0:00:12]} 37. Kg2 {[%emt 0:00:05]} Kg8 {[%emt 0:00:07]} 38. e4 {[%emt 0:00:10]} Qe6 {[%emt 0:00:04]} 39. Qd5 {[%emt 0:00:03]} Qf6 {[%emt 0:00:10]} 40. h4 {[%emt 0:00:13]} Kg7 {[%emt 0:00:10]} 41. Qd3 {[%emt 0:00:01]} Qe5 {[%emt 0:00:16]} 42. Qd5 {[%emt 0:00:02]} Qf6 {[%emt 0:00:02]} 43. Qc4 {[%emt 0:00:09]} Qe5 {[%emt 0:00:11]} 44. Qe2 {[%emt 0:00:02]} Kh7 {[%emt 0:00:10]} 45. Qf3 {[%emt 0:00:08]} Kg7 {[%emt 0:00:08]} 46. Qf4 {[%emt 0:00:02]} Qe6 {[%emt 0:00:07]} 47. Kf3 {[%emt 0:00:10]} Qb3+ {[%emt 0:00:06]} 48. Qe3 {[%emt 0:00:02]} Qd1+ {[%emt 0:00:03]} 49. Kg2 {[%emt 0:00:08]} Qd6 {[%emt 0:00:21]} 50. Qf4 {[%emt 0:00:07]} Qe6 {[%emt 0:00:03]} 51. e5 {[%emt 0:00:04]} Qd5+ {[%emt 0:00:06]} 52. Kh2 {[%emt 0:00:02]} Qe6 {[%emt 0:00:03]} 53. Kg1 {[%emt 0:00:07]} Qc6 {[%emt 0:00:06]} 54. f3 {[%emt 0:00:10]} Qc5+ {[%emt 0:00:11]} 55. Kh1 {[%emt 0:00:05]} Qf2 {[%emt 0:00:21]} 56. Qf6+ {[%emt 0:00:07]} Kg8 {[%emt 0:00:05]} 57. Qf4 {[%emt 0:00:05]} Qf1+ {[%emt 0:00:06]} 58. Kh2 {[%emt 0:00:01]} Qf2+ {[%emt 0:00:02]} 59. Kh1 {[%emt 0:00:01]} Qf1+ {[%emt 0:00:02]} 60. Kh2 {[%emt 0:00:01]} Qf2+ {[%emt 0:00:02]} 61. Kh1 {[%emt 0:00:02]} 1/2-1/2

[Event "European Online Club-ch-A 2021"]
[Site "Online"]
[Date "2021.03.27"]
[Round "8.19"]
[White "Kovacs, Gabor"]
[Black "Agopov, Mikael"]
[Result "1/2-1/2"]
[WhiteElo "2455"]
[BlackElo "2427"]
[Annotator "ChessBase"]
[PlyCount "62"]
[EventDate "2021.03.27"]
[EventType "team-tourn"]
[EventCountry "NET"]
[SourceTitle "playchess.com"]
[Source "ChessBase"]
[SourceQuality "1"]
[TimeControl "900+5"]

1. d4 {[%emt 0:00:00]} Nf6 {[%emt 0:00:05]} 2. Nf3 {[%emt 0:00:03]} e6 {[%emt 0:00:08]} 3. Bf4 {[%emt 0:01:02]} d5 {[%emt 0:00:16]} 4. e3 {[%emt 0:00:05]} c5 {[%emt 0:00:16]} 5. c3 {[%emt 0:00:04]} Nc6 {[%emt 0:00:11]} 6. Nbd2 {[%emt 0:00:06]} cxd4 {[%emt 0:00:04]} 7. exd4 {[%emt 0:00:03]} Nh5 {[%emt 0:01:40]} 8. Bg5 {[%emt 0:00:26]} Be7 {[%emt 0:00:03]} 9. Bxe7 {[%emt 0:00:26]} Qxe7 {[%emt 0:00:01]} 10. Bb5 {[%emt 0:00:02]} Bd7 {[%emt 0:00:09]} 11. O-O {[%emt 0:00:07]} O-O {[%emt 0:00:03]} 12. Re1 {[%emt 0:00:07]} Nf4 {[%emt 0:00:28]} 13. Re3 {[%emt 0:00:27]} a6 {[%emt 0:00:20]} 14. Bxc6 {[%emt 0:00:15]} bxc6 {[%emt 0:00:02]} 15. b4 {[%emt 0:00:15]} a5 {[%emt 0:00:08]} 16. a3 {[%emt 0:00:05]} f6 {[%emt 0:00:10]} 17. Nb3 {[%emt 0:00:36]} axb4 {[%emt 0:00:04]} 18. axb4 {[%emt 0:00:04]} Rfb8 {[%emt 0:01:42]} 19. Nc5 {[%emt 0:01:59]} Bc8 {[%emt 0:00:03]} 20. g3 {[%emt 0:01:11]} Ng6 {[%emt 0:00:04]} 21. h4 {[%emt 0:00:04]} Nf8 {[%emt 0:00:08]} 22. Ra4 {[%emt 0:01:01]} Ra7 {[%emt 0:00:16]} 23. Kg2 {[%emt 0:01:49]} Rba8 {[%emt 0:00:04]} 24. Re1 {[%emt 0:01:05]} Rxa4 {[%emt 0:00:45]} 25. Nxa4 {[%emt 0:00:03]} Qa7 {[%emt 0:00:03]} 26. Nc5 {[%emt 0:00:01]} Qa3 {[%emt 0:00:10]} 27. Qd3 {[%emt 0:00:29]} Qb2 {[%emt 0:00:31]} 28. Re2 {[%emt 0:00:07]} Qa1 {[%emt 0:00:16]} 29. Re1 {[%emt 0:00:01]} Qb2 {[%emt 0:00:07]} 30. Re2 {[%emt 0:00:40]} Qa1 {[%emt 0:00:03]} 31. Re1 {[%emt 0:00:02]} Qb2 {[%emt 0:00:06]} 1/2-1/2

[Event "European Online Club-ch-A 2021"]
[Site "Online"]
[Date "2021.03.27"]
[Round "8.20"]
[White "Noetzel, Felix"]
[Black "Csonka, Attila Istvan"]
[Result "0-1"]
[WhiteElo "2263"]
[BlackElo "2362"]
[Annotator "NA"]
[PlyCount "96"]
[EventDate "2021.03.27"]
[EventType "team-tourn"]
[EventCountry "NET"]
[SourceTitle "playchess.com"]
[Source "ChessBase"]
[SourceQuality "1"]
[TimeControl "900+5"]

1. e4 {[%emt 0:00:00]} c5 {[%emt 0:00:04]} 2. Nf3 {[%emt 0:00:03]} e6 {[%emt 0:00:02]} 3. d4 {[%emt 0:00:01]} cxd4 {[%emt 0:00:02]} 4. Nxd4 {[%emt 0:00:01]} Nc6 {[%emt 0:00:02]} 5. Nc3 {[%emt 0:00:03]} Qc7 {[%emt 0:00:02]} 6. Be3 {[%emt 0:00:05]} a6 {[%emt 0:00:02]} 7. Qd2 {[%emt 0:00:04]} Nf6 {[%emt 0:00:19]} 8. f3 {[%emt 0:01:00]} Be7 {[%emt 0:00:15]} 9. g4 {[%emt 0:00:42]} b5 {[%emt 0:00:26]} 10. g5 {[%emt 0:01:11]} Nh5 {[%emt 0:00:05]} 11. O-O-O {[%emt 0:00:08]} Bb7 {[%emt 0:00:06]} 12. Rg1 {[%emt 0:01:48]} Nxd4 {[%emt 0:00:26]} 13. Bxd4 {[%emt 0:00:27]} Rc8 {[%emt 0:00:37]} 14. Bd3 {[%emt 0:01:20]} O-O {[%emt 0:00:19]} 15. Ne2 {[%emt 0:00:42]} d5 {[%emt 0:00:17]} 16. e5 {[%emt 0:00:52]} g6 {[%emt 0:00:21]} 17. Ng3 {[%emt 0:00:28]} Nxg3 {[%emt 0:00:23]} 18. hxg3 {[%emt 0:00:14]} Kg7 {[%emt 0:00:13]} 19. Rh1 {[%emt 0:00:12]} Rh8 {[%emt 0:00:02]} 20. f4 {[%emt 0:00:24]} Bc5 {[%emt 0:00:04]} 21. Bxc5 {[%emt 0:00:19]} Qxc5 {[%emt 0:00:02]} 22. g4 {[%emt 0:01:08]} d4 {[%emt 0:00:25]} 23. Rh3 {[%emt 0:00:10]} Qd5 {[%emt 0:00:27]} 24. Kb1 {[%emt 0:00:33]} a5 {[%emt 0:00:05]} 25. Re1 {[%emt 0:01:31]} b4 {[%emt 0:00:49]} 26. Be4 {[%emt 0:00:21]} Qxe4 {[%emt 0:00:40]} 27. Rxe4 {[%emt 0:00:02]} Bxe4 {[%emt 0:00:04]} 28. Rh2 {[%emt 0:02:21]} Rxc2 {[%emt 0:01:39]} 29. Qxc2 {[%emt 0:00:02]} Bxc2+ {[%emt 0:00:02]} 30. Kxc2 {[%emt 0:00:59]} Rc8+ {[%emt 0:00:26]} 31. Kd3 {[%emt 0:00:02]} Rc1 {[%emt 0:00:08]} 32. Kxd4 {[%emt 0:00:06]} a4 {[%emt 0:00:10]} 33. Ke4 {[%emt 0:00:10]} a3 {[%emt 0:00:52]} 34. bxa3 {[%emt 0:00:02]} bxa3 {[%emt 0:00:03]} 35. Rh3 {[%emt 0:00:16]} Rc4+ {[%emt 0:00:03]} 36. Kd3 {[%emt 0:00:01]} Rxf4 {[%emt 0:00:02]} 37. Kc2 {[%emt 0:00:05]} Rxg4 {[%emt 0:00:06]} 38. Rxa3 {[%emt 0:00:01]} Rxg5 {[%emt 0:00:02]} 39. Re3 {[%emt 0:00:01]} h5 {[%emt 0:00:03]} 40. a4 {[%emt 0:00:01]} Rg4 {[%emt 0:00:14]} 41. Kb3 {[%emt 0:00:03]} h4 {[%emt 0:00:02]} 42. a5 {[%emt 0:00:08]} Rg3 {[%emt 0:00:07]} 43. Rxg3 {[%emt 0:00:01]} hxg3 {[%emt 0:00:02]} 44. a6 {[%emt 0:00:00]} g2 {[%emt 0:00:02]} 45. a7 {[%emt 0:00:00]} g1=Q {[%emt 0:00:03]} 46. a8=Q {[%emt 0:00:03]} Qe3+ {[%emt 0:00:02]} 47. Kc2 {[%emt 0:00:07]} Qxe5 {[%emt 0:00:03]} 48. Qd8 {[%emt 0:00:09]} g5 {[%emt 0:00:03]} 0-1

[Event "European Online Club-ch-A 2021"]
[Site "Online"]
[Date "2021.03.27"]
[Round "9.1"]
[White "Jakubowski, Krzysztof"]
[Black "Krieger, Markus"]
[Result "1-0"]
[WhiteElo "2497"]
[BlackElo "2050"]
[Annotator "ChessBase"]
[PlyCount "99"]
[EventDate "2021.03.27"]
[EventType "team-tourn"]
[EventCountry "NET"]
[SourceTitle "playchess.com"]
[Source "ChessBase"]
[SourceQuality "1"]
[TimeControl "900+5"]

1. c4 {[%emt 0:00:00]} e5 {[%emt 0:00:05]} 2. e3 {[%emt 0:00:06]} Nf6 {[%emt 0:00:05]} 3. Nc3 {[%emt 0:00:03]} Nc6 {[%emt 0:00:04]} 4. a3 {[%emt 0:00:07]} d5 {[%emt 0:00:06]} 5. cxd5 {[%emt 0:00:02]} Nxd5 {[%emt 0:00:00]} 6. Qc2 {[%emt 0:00:09]} Be6 {[%emt 0:00:25]} 7. Na4 {[%emt 0:01:07]} a6 {[%emt 0:02:17]} 8. b4 {[%emt 0:01:18]} Be7 {[%emt 0:01:48]} 9. Bb2 {[%emt 0:00:35]} O-O {[%emt 0:00:11]} 10. Nf3 {[%emt 0:00:08]} f6 {[%emt 0:00:19]} 11. Rc1 {[%emt 0:04:32]} Qd7 {[%emt 0:00:44]} 12. Be2 {[%emt 0:01:04]} Rfd8 {[%emt 0:01:43]} 13. O-O {[%emt 0:00:21]} Rac8 {[%emt 0:00:52]} 14. Rfd1 {[%emt 0:00:33]} Qe8 {[%emt 0:02:09]} 15. b5 {[%emt 0:01:23]} Nb8 {[%emt 0:01:36]} 16. bxa6 {[%emt 0:00:17]} Nxa6 {[%emt 0:00:08]} 17. d4 {[%emt 0:00:13]} exd4 {[%emt 0:00:45]} 18. Bxa6 {[%emt 0:02:03]} bxa6 {[%emt 0:00:05]} 19. Nxd4 {[%emt 0:00:03]} Bf7 {[%emt 0:00:53]} 20. Nc5 {[%emt 0:00:37]} Bxc5 {[%emt 0:00:09]} 21. Qxc5 {[%emt 0:00:03]} Rb8 {[%emt 0:00:47]} 22. Ba1 {[%emt 0:00:15]} Rd6 {[%emt 0:00:30]} 23. Nf5 {[%emt 0:00:15]} Rd7 {[%emt 0:00:13]} 24. Rd4 {[%emt 0:00:53]} Rb5 {[%emt 0:00:08]} 25. Qc6 {[%emt 0:00:18]} Rb6 {[%emt 0:00:11]} 26. Qa4 {[%emt 0:00:09]} Be6 {[%emt 0:00:15]} 27. Ng3 {[%emt 0:00:17]} Rbd6 {[%emt 0:00:22]} 28. h4 {[%emt 0:00:07]} h6 {[%emt 0:00:20]} 29. Ne4 {[%emt 0:00:03]} Rb6 {[%emt 0:00:05]} 30. Nc5 {[%emt 0:00:02]} Re7 {[%emt 0:00:02]} 31. Qxe8+ {[%emt 0:00:03]} Rxe8 {[%emt 0:00:03]} 32. Nxe6 {[%emt 0:00:02]} Rbxe6 {[%emt 0:00:03]} 33. Rxd5 {[%emt 0:00:02]} Re4 {[%emt 0:00:04]} 34. h5 {[%emt 0:00:03]} Ra4 {[%emt 0:00:03]} 35. Rd3 {[%emt 0:00:06]} Re7 {[%emt 0:00:03]} 36. g3 {[%emt 0:00:06]} Kf7 {[%emt 0:00:04]} 37. Kg2 {[%emt 0:00:03]} Ra5 {[%emt 0:00:01]} 38. g4 {[%emt 0:00:04]} Ra4 {[%emt 0:00:02]} 39. Kg3 {[%emt 0:00:02]} Ree4 {[%emt 0:00:11]} 40. Bd4 {[%emt 0:00:03]} Re7 {[%emt 0:00:10]} 41. Rdc3 {[%emt 0:00:02]} g6 {[%emt 0:00:10]} 42. Rc6 {[%emt 0:00:11]} gxh5 {[%emt 0:00:10]} 43. Rxf6+ {[%emt 0:00:03]} Ke8 {[%emt 0:00:01]} 44. gxh5 {[%emt 0:00:03]} Rxa3 {[%emt 0:00:05]} 45. Rxh6 {[%emt 0:00:04]} Ra2 {[%emt 0:00:05]} 46. Rg6 {[%emt 0:00:06]} a5 {[%emt 0:00:05]} 47. h6 {[%emt 0:00:03]} Rf7 {[%emt 0:00:01]} 48. f4 {[%emt 0:00:05]} Rd7 {[%emt 0:00:09]} 49. Rg8+ {[%emt 0:00:03]} Kf7 {[%emt 0:00:03]} 50. Rg7+ {[%emt 0:00:02]} 1-0

[Event "European Online Club-ch-A 2021"]
[Site "Online"]
[Date "2021.03.27"]
[Round "9.2"]
[White "Ferster, Fabian"]
[Black "Schmidek, Emil"]
[Result "0-1"]
[WhiteElo "2149"]
[BlackElo "2402"]
[Annotator "NA"]
[PlyCount "22"]
[EventDate "2021.03.27"]
[EventType "team-tourn"]
[EventCountry "NET"]
[SourceTitle "playchess.com"]
[Source "ChessBase"]
[SourceQuality "1"]
[TimeControl "900+5"]

1. c4 {[%emt 0:00:00]} e6 {[%emt 0:00:03]} 2. Nc3 {[%emt 0:00:02]} d5 {[%emt 0:00:01]} 3. d4 {[%emt 0:00:02]} a6 {[%emt 0:00:02]} 4. Nf3 {[%emt 0:00:28]} dxc4 {[%emt 0:00:04]} 5. e4 {[%emt 0:00:02]} b5 {[%emt 0:00:29]} 6. a4 {[%emt 0:00:01]} b4 {[%emt 0:00:14]} 7. Na2 {[%emt 0:00:03]} Bb7 {[%emt 0:01:18]} 8. Bxc4 {[%emt 0:00:11]} Bxe4 {[%emt 0:00:08]} 9. O-O {[%emt 0:00:02]} Nf6 {[%emt 0:00:11]} 10. Qb3 {[%emt 0:00:47]} Nc6 {[%emt 0:00:25]} 11. Ng5 {[%emt 0:01:03]} Na5 {[%emt 0:01:13]} 0-1

[Event "European Online Club-ch-A 2021"]
[Site "Online"]
[Date "2021.03.27"]
[Round "9.3"]
[White "Wintzer, Joachim"]
[Black "Frick, Renato"]
[Result "1-0"]
[WhiteElo "2274"]
[BlackElo "1947"]
[Annotator "NA"]
[PlyCount "61"]
[EventDate "2021.03.27"]
[EventType "team-tourn"]
[EventCountry "NET"]
[SourceTitle "playchess.com"]
[Source "ChessBase"]
[SourceQuality "1"]
[TimeControl "900+5"]

1. d4 {[%emt 0:00:00]} Nf6 {[%emt 0:00:04]} 2. c4 {[%emt 0:00:04]} g6 {[%emt 0:00:04]} 3. Nf3 {[%emt 0:00:05]} Bg7 {[%emt 0:00:04]} 4. e3 {[%emt 0:00:01]} c6 {[%emt 0:00:14]} 5. Nc3 {[%emt 0:00:05]} d5 {[%emt 0:00:01]} 6. Bd3 {[%emt 0:00:03]} Nbd7 {[%emt 0:00:05]} 7. O-O {[%emt 0:00:13]} dxc4 {[%emt 0:00:06]} 8. Bxc4 {[%emt 0:00:01]} Nb6 {[%emt 0:00:04]} 9. Bb3 {[%emt 0:00:11]} Nbd5 {[%emt 0:00:04]} 10. Re1 {[%emt 0:01:17]} Bg4 {[%emt 0:00:34]} 11. h3 {[%emt 0:00:05]} Bxf3 {[%emt 0:01:04]} 12. Qxf3 {[%emt 0:00:02]} O-O {[%emt 0:00:24]} 13. e4 {[%emt 0:00:17]} Nb6 {[%emt 0:00:31]} 14. Be3 {[%emt 0:00:29]} a5 {[%emt 0:00:37]} 15. a3 {[%emt 0:00:05]} Nfd7 {[%emt 0:00:41]} 16. Rad1 {[%emt 0:00:07]} Qc7 {[%emt 0:00:12]} 17. Rc1 {[%emt 0:02:36]} a4 {[%emt 0:02:07]} 18. Ba2 {[%emt 0:00:04]} Qb8 {[%emt 0:00:09]} 19. Red1 {[%emt 0:00:27]} Ra5 {[%emt 0:00:11]} 20. Qe2 {[%emt 0:00:42]} Re8 {[%emt 0:01:45]} 21. f4 {[%emt 0:00:03]} e6 {[%emt 0:00:19]} 22. Qf3 {[%emt 0:00:25]} Nf6 {[%emt 0:00:45]} 23. Kh1 {[%emt 0:00:25]} Nbd7 {[%emt 0:00:22]} 24. g4 {[%emt 0:00:19]} c5 {[%emt 0:00:45]} 25. e5 {[%emt 0:00:19]} Nd5 {[%emt 0:00:56]} 26. Nxd5 {[%emt 0:00:19]} exd5 {[%emt 0:00:11]} 27. Qxd5 {[%emt 0:00:17]} Nb6 {[%emt 0:00:41]} 28. Qxf7+ {[%emt 0:00:09]} Kh8 {[%emt 0:00:01]} 29. dxc5 {[%emt 0:00:59]} Rf8 {[%emt 0:00:11]} 30. Qe6 {[%emt 0:00:03]} Na8 {[%emt 0:00:16]} 31. Rd7 {[%emt 0:00:15]} 1-0